[Event "49th Biel Master Open"]
[Site "Biel SUI"]
[Date "2016.07.28"]
[Round "4.10"]
[White "Vitiugov, Nikita"]
[Black "Liang, Awonder"]
[Result "1-0"]
[WhiteTitle "GM"]
[BlackTitle "IM"]
[WhiteElo "2728"]
[BlackElo "2430"]
[WhiteFideId "4152956"]
[BlackFideId "2056437"]
[EventDate "2016.07.25"]

1. d4 Nf6 2. c4 e6 3. Nf3 b6 4. g3 Bb7 5. Bg2 Be7 6. O-O O-O 7. Nc3 Ne4 8. Bd2
d6 9. d5 Nxd2 10. Nxd2 e5 11. e4 Nd7 12. b4 g6 13. Nb3 Kh8 14. Qc2 Ba6 15. Qd3
f5 16. a4 Nf6 17. Ra2 Bc8 18. a5 Bd7 19. Rfa1 Rb8 20. axb6 axb6 21. Nd2 f4 22.
Ra7 fxg3 23. hxg3 h5 24. Nb5 Rc8 25. Nf3 c6 26. dxc6 Rxc6 27. Nc3 Qc8 28. Nd5
Nxd5 29. exd5 Rxc4 30. Qxg6 Rc7 31. Qh6+ Kg8 32. Qg6+ Kh8 33. Ng5 Bxg5 34. Qxh5+
Kg7 35. Qxg5+ Kf7 36. Bf3 1-0

[Event "49th Biel Master Open"]
[Site "Biel SUI"]
[Date "2016.07.28"]
[Round "4.11"]
[White "Nezad, Husein Aziz"]
[Black "Rodshtein, Maxim"]
[Result "1/2-1/2"]
[WhiteTitle "IM"]
[BlackTitle "GM"]
[WhiteElo "2419"]
[BlackElo "2698"]
[WhiteFideId "12100293"]
[BlackFideId "2806851"]
[EventDate "2016.07.25"]

1. d4 Nf6 2. c4 e6 3. Nf3 d5 4. Nc3 Nbd7 5. cxd5 exd5 6. Bf4 c6 7. e3 Be7 8. h3
O-O 9. Bd3 Re8 10. O-O Nf8 11. Qc2 Ne6 12. Bh2 a6 13. Rfd1 g6 14. Na4 Bf8 15.
Rab1 b5 16. Nc5 Nxc5 17. dxc5 Be6 18. b4 Nd7 19. Nd4 Rc8 20. a4 Bg7 21. axb5
axb5 22. Ra1 Ne5 23. Bf1 Bd7 24. Ra7 Nc4 25. Qa2 Re7 26. Qa6 Bxd4 27. Rxd4 Bf5
28. Rxe7 Qxe7 29. Rd1 Nb2 30. Rd2 Na4 31. g4 Be6 32. Be5 f5 33. f3 Qd7 34. Bg2
Re8 35. Bd4 Qc7 36. Rf2 Bc8 37. Qa8 Kf7 38. Qa5 Qb7 39. Ra2 Bd7 40. Rxa4 bxa4
41. Qxa4 Ra8 42. Qb3 Qa6 43. Qb2 Qa2 44. Qc3 Qc4 45. Qe1 g5 46. gxf5 Qc2 47. Qg3
Qxf5 48. Qc7 Rc8 49. Qd6 Qe6 50. Qg3 h6 51. Bf1 Qf5 52. Qd6 Qe6 53. Qg3 Qg6 54.
Qe5 Re8 55. Qc7 Re7 56. Qb8 Be8 57. Qd8 Qf5 58. Qd6 Qe6 59. Qb8 Qf5 60. Qd6 Qe6 1/2-1/2

[Event "49th Biel Master Open"]
[Site "Biel SUI"]
[Date "2016.07.28"]
[Round "4.12"]
[White "Bartel, Mateusz"]
[Black "Nitin, S."]
[Result "1-0"]
[WhiteTitle "GM"]
[BlackTitle "IM"]
[WhiteElo "2649"]
[BlackElo "2398"]
[WhiteFideId "1112635"]
[BlackFideId "5018277"]
[EventDate "2016.07.25"]

1. e4 c5 2. Nf3 d6 3. d4 cxd4 4. Nxd4 Nf6 5. Nc3 a6 6. g3 e5 7. Nde2 Be7 8. Bg2
O-O 9. O-O Nbd7 10. a4 b6 11. Nd5 Nxd5 12. Qxd5 Rb8 13. Nc3 Bb7 14. Qd2 Rc8 15.
b3 Nf6 16. Bb2 Qc7 17. Rac1 Qc5 18. Qe2 Qa5 19. Qd3 Rc7 20. Na2 b5 21. Bc3 Qb6
22. a5 Qc5 23. Bb4 Qd4 24. Qxd4 exd4 25. Rfe1 Rfc8 26. c3 dxc3 27. Rxc3 Rxc3 28.
Nxc3 Nd7 29. Nd5 Bf8 30. Bh3 Rd8 31. Rd1 Ne5 32. Bc3 Nf3+ 33. Kf1 Ne5 34. Bg2
Re8 35. f3 Nc6 36. Nb6 Ne5 37. b4 Nc4 38. Bd4 Nxb6 39. axb6 Rc8 40. f4 Be7 41.
e5 Bxg2+ 42. Kxg2 dxe5 43. fxe5 Rb8 44. Bf2 Kf8 45. Bc5 Ke8 46. Kf3 Bd8 47. Rd6
Rb7 48. Ke4 Be7 49. Rc6 Kd7 50. Kd5 Bd8 51. Rd6+ Kc8 52. Rxd8+ Kxd8 53. Kc6 Kc8
54. Bd6 h5 55. h4 g6 56. Bc7 1-0

[Event "49th Biel Master Open"]
[Site "Biel SUI"]
[Date "2016.07.28"]
[Round "4.13"]
[White "Perske, Thore"]
[Black "Edouard, Romain"]
[Result "0-1"]
[WhiteTitle "FM"]
[BlackTitle "GM"]
[WhiteElo "2383"]
[BlackElo "2639"]
[WhiteFideId "12902195"]
[BlackFideId "633429"]
[EventDate "2016.07.25"]

1. e4 e5 2. Nf3 Nc6 3. Bb5 g6 4. O-O Bg7 5. c3 a6 6. Ba4 d6 7. d4 Bd7 8. Bg5 f6
9. Be3 Nh6 10. d5 Ne7 11. Bxd7+ Qxd7 12. c4 O-O 13. Nc3 Nf7 14. Nd2 f5 15. f3
Bh6 16. Qe2 Bxe3+ 17. Qxe3 f4 18. Qe2 g5 19. b4 h5 20. c5 Ng6 21. c6 bxc6 22.
dxc6 Qxc6 23. Rac1 Qb6+ 24. Kh1 c6 25. a3 Ne7 26. Nc4 Qb8 27. Rfd1 Rd8 28. h3 d5
29. Na5 Rd6 30. Qa2 d4 31. Na4 g4 32. fxg4 hxg4 33. hxg4 Kg7 34. Kg1 Qh8 35. Nc5
Rh6 36. Ne6+ Kf6 37. g5+ Nxg5 38. Nxg5 Rh1+ 39. Kf2 Qh4+ 40. Ke2 Qg4+ 41. Kf2
Qg3+ 0-1

[Event "49th Biel Master Open"]
[Site "Biel SUI"]
[Date "2016.07.28"]
[Round "4.14"]
[White "Sasikiran, Krishnan"]
[Black "Kambrath, Yannick"]
[Result "1-0"]
[WhiteTitle "GM"]
[BlackTitle "FM"]
[WhiteElo "2639"]
[BlackElo "2376"]
[WhiteFideId "5004985"]
[BlackFideId "20632525"]
[EventDate "2016.07.25"]

1. d4 Nf6 2. Nf3 e6 3. c4 d5 4. g3 Bb4+ 5. Bd2 Be7 6. Bg2 O-O 7. O-O Nbd7 8. a4
Ne4 9. a5 c6 10. Qb3 Nxd2 11. Nbxd2 f5 12. cxd5 cxd5 13. Rfc1 Bd6 14. Ne1 Nf6
15. Nd3 Rb8 16. Nf3 Bd7 17. Nfe5 Be8 18. e3 Qe7 19. Rc2 a6 20. Bf1 Bb5 21. Nc5
Bxf1 22. Rxf1 Rfc8 23. Rfc1 Rc7 24. Ned3 Rbc8 25. Na4 Rxc2 26. Rxc2 Rxc2 27.
Qxc2 Qd7 28. Nac5 Qc6 29. Qb3 Bc7 30. Qxb7 Qxb7 31. Nxb7 Nd7 32. Ndc5 Nxc5 33.
Nxc5 Bxa5 34. Nxe6 Bb6 35. Kf1 Kf7 36. Nf4 Bd8 37. Ke2 g5 38. Nxd5 Ke6 39. Nc3
g4 40. Kd3 h5 41. Kc4 Kd6 42. Na4 Ba5 43. b4 1-0

[Event "49th Biel Master Open"]
[Site "Biel SUI"]
[Date "2016.07.28"]
[Round "4.15"]
[White "Brkic, Ante"]
[Black "Colmenares, Aurelio"]
[Result "1-0"]
[WhiteTitle "GM"]
[BlackTitle "FM"]
[WhiteElo "2585"]
[BlackElo "2350"]
[WhiteFideId "14506688"]
[BlackFideId "1308629"]
[EventDate "2016.07.25"]

1. e4 e5 2. Nf3 Nc6 3. Bb5 a6 4. Ba4 Nf6 5. O-O Nxe4 6. d4 b5 7. Bb3 d5 8. dxe5
Be6 9. Nbd2 Nc5 10. c3 Be7 11. Bc2 d4 12. Nb3 d3 13. Bb1 Nxb3 14. axb3 Bf5 15.
Re1 O-O 16. b4 Qd7 17. h3 Rfd8 18. g4 Be6 19. Bf4 a5 20. bxa5 Rxa5 21. Rxa5 Nxa5
22. Nd4 d2 23. Qxd2 g6 24. Qe2 Bc4 25. Qe3 c5 26. Nf3 Bd5 27. Ng5 Nc4 28. Qe2
Qc6 29. Ne4 Re8 30. Bg3 Kh8 31. g5 Qe6 32. Nf6 Bxf6 33. gxf6 Qxh3 34. Be4 Bxe4
35. Qxe4 h5 36. Qc6 Rc8 37. Qxb5 Qe6 38. b4 Rd8 39. Ra1 Nd2 40. Qb7 h4 41. Ra8
Re8 42. Rxe8+ Qxe8 43. Bf4 Qd8 44. Qxf7 Nf3+ 45. Kg2 Ne1+ 46. Kh2 Nf3+ 47. Kh3 1-0

[Event "49th Biel Master Open"]
[Site "Biel SUI"]
[Date "2016.07.28"]
[Round "4.16"]
[White "Siva, Mahadevan"]
[Black "Donchenko, Alexander"]
[Result "0-1"]
[WhiteTitle "IM"]
[BlackTitle "GM"]
[WhiteElo "2352"]
[BlackElo "2583"]
[WhiteFideId "25043153"]
[BlackFideId "24603295"]
[EventDate "2016.07.25"]

1. d4 Nf6 2. c4 e6 3. Nf3 c5 4. Nc3 cxd4 5. Nxd4 Nc6 6. g3 Qb6 7. Nb3 Ne5 8. e4
Bb4 9. Qe2 d6 10. Bd2 O-O 11. O-O-O a6 12. Kb1 Qc7 13. f4 Nc6 14. a3 Bxc3 15.
Bxc3 e5 16. f5 b5 17. g4 bxc4 18. g5 Nxe4 19. Qxe4 cxb3 20. f6 g6 21. Qh4 h5 22.
gxh6 Kh7 23. Bg2 Nd4 24. Be4 d5 25. Bxd4 dxe4 26. Bc3 Rd8 27. Rdf1 e3 28. Qb4 e2
29. Re1 Bf5+ 30. Ka1 Rab8 31. Qh4 Qxc3 32. bxc3 Rd2 0-1

[Event "49th Biel Master Open"]
[Site "Biel SUI"]
[Date "2016.07.28"]
[Round "4.17"]
[White "Voege, Tobias"]
[Black "Erdos, Viktor"]
[Result "0-1"]
[WhiteTitle "FM"]
[BlackTitle "GM"]
[WhiteElo "2342"]
[BlackElo "2578"]
[WhiteFideId "1270513"]
[BlackFideId "719978"]
[EventDate "2016.07.25"]

1. c4 b6 2. d4 e6 3. Nc3 Bb4 4. Nf3 Bb7 5. Bg5 Bxc3+ 6. bxc3 f6 7. Bh4 Nh6 8. e3
d6 9. Bd3 Nd7 10. Qc2 g5 11. Bg3 Qe7 12. Be4 O-O-O 13. Bxb7+ Kxb7 14. Qe4+ c6
15. Nd2 f5 16. Qd3 e5 17. f3 exd4 18. cxd4 f4 19. Bf2 fxe3 20. Bxe3 Rde8 21. Kf2
Rhf8 22. h3 Nf5 23. Rae1 d5 24. cxd5 cxd5 25. Re2 Qd6 26. Rhe1 Ng3 27. Bxg5 Nxe2
28. Rxe2 h6 29. Rxe8 Rxe8 30. Be3 Qe6 31. Nf1 h5 32. Qh7 Rc8 33. h4 Rc7 34. Qxh5
Rc2+ 35. Nd2 Rxa2 36. Qh7 Ra3 37. Qh6 Qf7 38. Qd6 Rc3 39. g4 Rc6 40. Qa3 Nf6 41.
Kg3 a5 42. Qd3 Qe8 43. h5 a4 44. Nb1 Nxh5+ 45. gxh5 Qxh5 46. Kf2 Qh2+ 47. Ke1
Qh1+ 48. Ke2 Qg2+ 49. Ke1 Qxf3 50. Na3 Rc1+ 0-1

[Event "49th Biel Master Open"]
[Site "Biel SUI"]
[Date "2016.07.28"]
[Round "4.18"]
[White "Gozzoli, Yannick"]
[Black "Teh, Eu Wen Aron"]
[Result "1-0"]
[WhiteTitle "GM"]
[BlackTitle "FM"]
[WhiteElo "2571"]
[BlackElo "2328"]
[WhiteFideId "616915"]
[BlackFideId "5704723"]
[EventDate "2016.07.25"]

1. e4 e6 2. d4 d5 3. e5 c5 4. c3 Nc6 5. Nf3 Qb6 6. Be2 cxd4 7. cxd4 Nh6 8. Bd3
Nf5 9. Bxf5 exf5 10. O-O Be6 11. Nc3 h6 12. h4 Be7 13. Ne2 O-O-O 14. Rb1 Kb8 15.
Be3 Rc8 16. b4 Ka8 17. h5 Qd8 18. Qd2 Nb8 19. a4 Rc4 20. Rfc1 Qc7 21. Nf4 Rc8
22. Nd3 Qd8 23. Nc5 Rxc1+ 24. Rxc1 b6 25. Nd3 Nc6 26. Qb2 Kb7 27. Bd2 a6 28. Rb1
Na7 29. Nc5+ Bxc5 30. bxc5 b5 31. Qa2 g5 32. hxg6 fxg6 33. Bxh6 Qh8 34. axb5
Nxb5 35. Qa5 Rc6 36. Bd2 Bd7 37. Qa2 Qg8 38. Ng5 Kc8 39. Rxb5 1-0

[Event "49th Biel Master Open"]
[Site "Biel SUI"]
[Date "2016.07.28"]
[Round "4.19"]
[White "Baron, Tal"]
[Black "Mroziak, Maciej"]
[Result "0-1"]
[WhiteTitle "GM"]
[WhiteElo "2557"]
[BlackElo "2306"]
[WhiteFideId "2809958"]
[BlackFideId "1139665"]
[EventDate "2016.07.25"]

1. d4 Nf6 2. Bf4 g6 3. Nc3 d5 4. Qd2 c6 5. f3 Bg7 6. Bh6 Bxh6 7. Qxh6 b5 8. a3
Qa5 9. Qd2 Nbd7 10. e3 O-O 11. f4 Rb8 12. Bd3 b4 13. Na2 c5 14. Nf3 Ne4 15. Bxe4
dxe4 16. Ne5 Nxe5 17. fxe5 cxd4 18. exd4 e3 19. Qxe3 b3+ 20. Nc3 bxc2 21. O-O
Rxb2 22. Rac1 Qxa3 23. Qd2 Qb4 24. Kh1 Ba6 25. Rf3 Rb1 26. Qxc2 Rxc1+ 27. Qxc1
Qxd4 28. e6 fxe6 29. Rxf8+ Kxf8 30. h3 Qf2 31. Nd1 Qe1+ 32. Kh2 Qe5+ 33. Kg1 Bb7
34. Ne3 a5 35. Nc4 Qc5+ 36. Kh1 Qf5 37. Kh2 a4 38. Qc3 Kg8 39. Ne3 Qf4+ 40. Kg1
Qg3 41. Qd3 a3 42. Qxa3 Bxg2 43. Qxe7 Be4+ 44. Kf1 Bd3# 0-1

[Event "49th Biel Master Open"]
[Site "Biel SUI"]
[Date "2016.07.28"]
[Round "4.20"]
[White "Tabatabaei, M.amin"]
[Black "Beckhuis, Gernod"]
[Result "1/2-1/2"]
[WhiteTitle "IM"]
[BlackTitle "FM"]
[WhiteElo "2481"]
[BlackElo "2295"]
[WhiteFideId "12521213"]
[BlackFideId "4613732"]
[EventDate "2016.07.25"]

1. e4 e5 2. Nf3 Nc6 3. Bb5 Nf6 4. O-O Nxe4 5. d4 Nd6 6. Bxc6 dxc6 7. dxe5 Nf5 8.
Qxd8+ Kxd8 9. b3 Be7 10. Bb2 Be6 11. c4 Kc8 12. Nc3 Rd8 13. Rad1 a5 14. a4 Ra6
15. Rxd8+ Kxd8 16. Ne4 b5 17. Rd1+ Ke8 18. Nfg5 bxa4 19. Nxe6 fxe6 20. bxa4 Rb6
21. Bc3 Bb4 22. c5 Rb8 23. Rb1 Rd8 24. Bxb4 Rb8 25. Nd2 axb4 26. Nb3 Rd8 27. a5
Nd4 28. Nxd4 Rxd4 29. a6 b3 30. g3 Ra4 31. Rxb3 Rxa6 32. Rb8+ Kf7 33. Rb7 g5 34.
Rxc7+ Kg6 35. g4 h5 36. h3 hxg4 37. hxg4 Ra1+ 38. Kg2 Re1 39. Rxc6 Rxe5 40. Rc8
Re4 41. f3 Re2+ 42. Kf1 Rc2 43. c6 Kf6 44. c7 Ke5 45. Kg1 Rc5 46. Kf2 Kd6 47.
Ke3 Rxc7 48. Rg8 Rc3+ 49. Ke4 Rc4+ 50. Kd3 Rc5 51. Rg7 Rd5+ 52. Ke3 Ra5 53. Kf2
Ra2+ 54. Kg3 Ra5 55. Rf7 Ke5 56. Rf8 Ra2 57. Kh3 Rb2 58. Kg3 Ra2 59. Rb8 Kf6 60.
Rb3 Rc2 61. Rd3 Ra2 62. f4 gxf4+ 63. Kxf4 Rf2+ 64. Kg3 Rf1 65. Ra3 Rg1+ 66. Kf3
Rf1+ 67. Kg2 Rb1 68. Ra8 Kg5 69. Rg8+ Kf4 70. g5 Rb5 71. g6 Rg5+ 72. Kf2 Kf5 73.
g7 Kf6 74. Ke3 Rxg7 75. Rxg7 Kxg7 76. Ke4 Kf7 77. Ke5 Ke7 78. Ke4 Kd6 79. Kd4
e5+ 80. Ke4 Ke6 81. Kd3 Kd6 82. Ke4 Ke6 83. Ke3 Kd5 84. Kd3 e4+ 85. Kd2 Kd4 86.
Ke2 e3 87. Ke1 Kd3 88. Kd1 e2+ 89. Ke1 Ke3 1/2-1/2

[Event "49th Biel Master Open"]
[Site "Biel SUI"]
[Date "2016.07.29"]
[Round "5.1"]
[White "Shankland, Samuel L"]
[Black "Kraemer, Martin"]
[Result "1-0"]
[WhiteTitle "GM"]
[BlackTitle "GM"]
[WhiteElo "2661"]
[BlackElo "2567"]
[WhiteFideId "2004887"]
[BlackFideId "4671910"]
[EventDate "2016.07.25"]

1. e4 c5 2. Nf3 d6 3. d4 cxd4 4. Nxd4 Nf6 5. Nc3 a6 6. Bg5 Nbd7 7. Qe2 h6 8. Bh4
g6 9. f4 e5 10. fxe5 dxe5 11. O-O-O Qc7 12. Nb3 b5 13. Qf3 Bg7 14. g4 O-O 15. a3
Rb8 16. g5 hxg5 17. Bxg5 Bb7 18. Bh3 Bc6 19. Bxd7 Nxd7 20. Be7 Rfe8 21. Bd6 Qb6
22. Bxb8 Rxb8 23. Rhf1 Rf8 24. h4 a5 25. h5 a4 26. Nd2 b4 27. axb4 Qxb4 28. hxg6
fxg6 29. Qh3 Re8 30. Nd5 Qb5 31. Nc7 1-0

[Event "49th Biel Master Open"]
[Site "Biel SUI"]
[Date "2016.07.29"]
[Round "5.2"]
[White "Aravindh, Chithambaram VR."]
[Black "Kovchan, Alexander"]
[Result "1-0"]
[WhiteTitle "GM"]
[BlackTitle "GM"]
[WhiteElo "2543"]
[BlackElo "2576"]
[WhiteFideId "5072786"]
[BlackFideId "14103052"]
[EventDate "2016.07.25"]

1. e4 c5 2. Nf3 d6 3. d4 cxd4 4. Nxd4 Nf6 5. Nc3 a6 6. h3 e5 7. Nde2 Nbd7 8. g4
h6 9. a4 b6 10. Bg2 Bb7 11. O-O g6 12. Be3 Rc8 13. Qd2 Rc4 14. b3 Rc8 15. f4 Qc7
16. Rf2 Bg7 17. Raf1 Nh7 18. fxe5 Nxe5 19. Bxh6 O-O 20. Be3 Rfd8 21. Bd4 b5 22.
axb5 axb5 23. Nf4 Qe7 24. Nfd5 Qh4 25. Bxe5 dxe5 26. Rxf7 Bxd5 27. Nxd5 Ng5 28.
R7f2 Kh8 29. Kh2 Ne6 30. Rf7 Bh6 31. Qf2 Qxf2 32. R1xf2 Bf4+ 33. Kh1 Rf8 34.
Rxf8+ Rxf8 35. Bf1 Rb8 36. b4 g5 37. c3 Rb7 38. Ra2 Bg3 39. Ra5 Rf7 40. Bxb5 Rf2
41. Ra8+ Kg7 42. Ne3 Bf4 43. Nf5+ Kf6 44. Ra6 Rc2 45. Rc6 Kf7 46. Bc4 Rc1+ 47.
Kg2 Rc2+ 48. Kf3 Rxc3+ 49. Ke2 Kf8 50. Rc8+ Nd8 51. Rxd8# 1-0

[Event "49th Biel Master Open"]
[Site "Biel SUI"]
[Date "2016.07.29"]
[Round "5.3"]
[White "Bachmann, Axel"]
[Black "Vitiugov, Nikita"]
[Result "1/2-1/2"]
[WhiteTitle "GM"]
[BlackTitle "GM"]
[WhiteElo "2649"]
[BlackElo "2728"]
[WhiteFideId "3700488"]
[BlackFideId "4152956"]
[EventDate "2016.07.25"]

1. Nf3 Nf6 2. g3 g6 3. b3 Bg7 4. Bb2 c5 5. c4 Nc6 6. Bg2 d6 7. O-O O-O 8. d4
cxd4 9. Nxd4 Bd7 10. Nc3 Nxd4 11. Qxd4 Bc6 12. Nd5 Bxd5 13. Bxd5 Ne8 14. Qd2
Bxb2 15. Qxb2 Qb6 1/2-1/2

[Event "49th Biel Master Open"]
[Site "Biel SUI"]
[Date "2016.07.29"]
[Round "5.4"]
[White "Safarli, Eltaj"]
[Black "Brkic, Ante"]
[Result "1-0"]
[WhiteTitle "GM"]
[BlackTitle "GM"]
[WhiteElo "2678"]
[BlackElo "2585"]
[WhiteFideId "13402129"]
[BlackFideId "14506688"]
[EventDate "2016.07.25"]

1. e4 e5 2. Nf3 Nc6 3. Bb5 a6 4. Ba4 Nf6 5. O-O Nxe4 6. d4 b5 7. Bb3 d5 8. dxe5
Be6 9. Qe2 Be7 10. Rd1 O-O 11. c4 bxc4 12. Bxc4 Bc5 13. Be3 Bxe3 14. Qxe3 Qb8
15. Bb3 Na5 16. Nbd2 Qa7 17. Qxa7 Rxa7 18. Rac1 c5 19. Bc2 Nxd2 20. Rxd2 h6 21.
b3 Rc8 22. Bd3 c4 23. bxc4 dxc4 24. Be4 Rd7 25. Rxd7 Bxd7 26. Nd4 g5 27. g3 Rd8
28. f3 Bc8 29. Ne2 Rd2 30. Nc3 Kg7 31. Rd1 Rxd1+ 32. Nxd1 f6 33. exf6+ Kxf6 34.
Kf2 Bb7 35. Ke3 Ke5 36. Bh7 Nc6 37. Nb2 Kd5 38. Na4 Ke5 39. Nc5 Bc8 40. Bg8 c3
41. f4+ gxf4+ 42. gxf4+ Kf5 43. Bh7+ Kg4 44. Ne4 Kh3 45. Nxc3 Kxh2 46. f5 Kg3
47. f6 Be6 48. Bf5 Bf7 49. Ne4+ Kh4 50. a4 Ne5 51. Kd4 Ng4 52. Nd6 Bb3 53. Bxg4
Kxg4 54. Nc4 1-0

[Event "49th Biel Master Open"]
[Site "Biel SUI"]
[Date "2016.07.29"]
[Round "5.5"]
[White "Salem, A.R. Saleh"]
[Black "Saric, Ivan"]
[Result "1/2-1/2"]
[WhiteTitle "GM"]
[BlackTitle "GM"]
[WhiteElo "2608"]
[BlackElo "2660"]
[WhiteFideId "9301348"]
[BlackFideId "14508150"]
[EventDate "2016.07.25"]

1. Nf3 Nf6 2. c4 g6 3. Nc3 Bg7 4. e4 d6 5. d4 O-O 6. Be2 e5 7. O-O Nc6 8. d5 Ne7
9. Qc2 Nd7 10. Rd1 h6 11. b4 a5 12. bxa5 Rxa5 13. a4 b6 14. Ba3 Nc5 15. Bb4 Ra6
16. a5 f5 17. axb6 cxb6 18. Bxc5 bxc5 19. Rxa6 Bxa6 20. Ra1 Qb6 21. Bd3 Bc8 22.
Qb1 Qc7 23. Nb5 Qb6 24. Na7 Qc7 25. Nxc8 Rxc8 26. Ra6 Rb8 27. Qa2 f4 28. Nd2 Nc8
29. Nb1 Qb7 30. Nc3 Qb3 31. Qa1 Bf8 32. Bf1 Nb6 33. Ra3 Qb4 34. g3 Nd7 35. Nb5
Nf6 36. gxf4 Nxe4 37. Re3 Nd2 38. fxe5 Nxc4 39. Bxc4 Qxc4 40. Nxd6 Qxd5 41. Ne4
Bg7 42. Nf6+ Bxf6 43. exf6 Rf8 44. Re5 Qc4 45. Qa7 Qg4+ 46. Kf1 Qc4+ 47. Kg1
Rxf6 48. Qxc5 Qxc5 1/2-1/2

[Event "49th Biel Master Open"]
[Site "Biel SUI"]
[Date "2016.07.29"]
[Round "5.6"]
[White "Meier, Georg"]
[Black "Gozzoli, Yannick"]
[Result "1/2-1/2"]
[WhiteTitle "GM"]
[BlackTitle "GM"]
[WhiteElo "2657"]
[BlackElo "2571"]
[WhiteFideId "4675789"]
[BlackFideId "616915"]
[EventDate "2016.07.25"]

1. d4 d5 2. c4 c6 3. Nf3 Nf6 4. e3 Bf5 5. Nc3 e6 6. Nh4 Be4 7. f3 Bg6 8. Qb3 Qc7
9. Bd2 Be7 10. O-O-O dxc4 11. Bxc4 b5 12. Be2 a6 13. Nxg6 hxg6 14. Ne4 Nbd7 15.
Kb1 Rc8 16. Nxf6+ Nxf6 17. g3 c5 18. dxc5 Bxc5 19. Rc1 O-O 20. Rc2 Qb6 21. a4
bxa4 22. Qxb6 Bxb6 23. Rxc8 Rxc8 24. Bxa6 Rd8 25. Bc1 Nd5 26. e4 Nc7 27. Bc4 e5
28. Rf1 Bd4 29. f4 Rb8 30. Kc2 Ne6 31. Bxe6 1/2-1/2

[Event "49th Biel Master Open"]
[Site "Biel SUI"]
[Date "2016.07.29"]
[Round "5.7"]
[White "Kunin, Vitaly"]
[Black "Sethuraman, S.P."]
[Result "1/2-1/2"]
[WhiteTitle "GM"]
[BlackTitle "GM"]
[WhiteElo "2592"]
[BlackElo "2656"]
[WhiteFideId "4128737"]
[BlackFideId "5021596"]
[EventDate "2016.07.25"]

1. d4 Nf6 2. c4 e6 3. Nf3 c5 4. d5 exd5 5. cxd5 d6 6. Nc3 g6 7. e4 Bg7 8. h3 O-O
9. Bd3 a6 10. a4 Nbd7 11. O-O Re8 12. Bf4 Qe7 13. Qd2 Nh5 14. Bh2 b6 15. Rfe1
Bb7 16. Rad1 Qf8 17. Bf1 Rad8 18. Qc2 Qe7 19. Nd2 Be5 20. g3 Qf6 21. Bg2 Bd4 22.
Rf1 Rb8 23. Ne2 Be5 24. f4 Bd4+ 25. Nxd4 Qxd4+ 26. Kh1 b5 27. b3 Qb4 28. g4 Nhf6
29. Rde1 Ba8 30. axb5 axb5 31. f5 Rb6 32. g5 Nh5 33. Bf3 c4 34. bxc4 bxc4 35.
Rb1 Qc5 36. Bg1 Qc7 37. Bxb6 Ng3+ 38. Kg2 Nxf1 39. Bxc7 Ne3+ 40. Kg3 Nxc2 41.
Nxc4 Rc8 42. Nb6 Nxb6 43. Rxb6 gxf5 44. Bxd6 Ne3 45. exf5 Nc4 46. Bc7 Nxb6 47.
Bxb6 Rc3 48. Kf4 Rxf3+ 49. Kxf3 1/2-1/2

[Event "49th Biel Master Open"]
[Site "Biel SUI"]
[Date "2016.07.29"]
[Round "5.8"]
[White "Donchenko, Alexander"]
[Black "Bartel, Mateusz"]
[Result "0-1"]
[WhiteTitle "GM"]
[BlackTitle "GM"]
[WhiteElo "2583"]
[BlackElo "2649"]
[WhiteFideId "24603295"]
[BlackFideId "1112635"]
[EventDate "2016.07.25"]

1. d4 d5 2. c4 c6 3. Nf3 Nf6 4. e3 Bf5 5. Nc3 e6 6. Nh4 Be4 7. f3 Bg6 8. Qb3 Qc7
9. Bd2 Be7 10. Nxg6 hxg6 11. O-O-O dxc4 12. Bxc4 b5 13. Be2 a6 14. Ne4 Nbd7 15.
Kb1 Rc8 16. h4 c5 17. Nxc5 Nxc5 18. dxc5 Qg3 19. Qa3 Qxg2 20. Qxa6 O-O 21. Qxb5
Rxc5 22. Qa6 Rb8 23. e4 Nxe4 24. fxe4 Qxe4+ 25. Qd3 Qe5 26. Bc3 Rxc3 27. Qd4
Qxe2 28. Qxc3 Bf6 29. Rd4 Bxd4 30. Qxd4 e5 0-1

[Event "49th Biel Master Open"]
[Site "Biel SUI"]
[Date "2016.07.29"]
[Round "5.9"]
[White "Edouard, Romain"]
[Black "Shyam, Sundar M."]
[Result "1/2-1/2"]
[WhiteTitle "GM"]
[BlackTitle "GM"]
[WhiteElo "2639"]
[BlackElo "2526"]
[WhiteFideId "633429"]
[BlackFideId "5019141"]
[EventDate "2016.07.25"]

1. d4 Nf6 2. c4 g6 3. Nc3 Bg7 4. e4 d6 5. f3 O-O 6. Be3 c5 7. dxc5 dxc5 8. Qxd8
Rxd8 9. Bxc5 Nc6 10. Be3 b6 11. Rc1 Nd7 12. Nh3 Nc5 13. Nf4 Ba6 14. Nfd5 e6 15.
Nc7 Rac8 16. Nxa6 Nxa6 17. f4 Nc5 18. e5 g5 19. g3 gxf4 20. gxf4 f6 21. exf6
Bxf6 22. Be2 Nd4 23. b3 Nf5 24. Bf2 Kf7 25. O-O Rd2 26. Rfe1 Rg8+ 27. Kf1 Bd4
28. Bh5+ Kf6 29. Re2 Bxf2 30. Rxd2 Be3 31. Rcd1 Rg1+ 32. Ke2 Rg2+ 33. Ke1 Rg1+
34. Ke2 Rg2+ 35. Ke1 Rg1+ 1/2-1/2

[Event "49th Biel Master Open"]
[Site "Biel SUI"]
[Date "2016.07.29"]
[Round "5.10"]
[White "Erdos, Viktor"]
[Black "Sasikiran, Krishnan"]
[Result "1/2-1/2"]
[WhiteTitle "GM"]
[BlackTitle "GM"]
[WhiteElo "2578"]
[BlackElo "2639"]
[WhiteFideId "719978"]
[BlackFideId "5004985"]
[EventDate "2016.07.25"]

1. d4 d5 2. c4 dxc4 3. Nf3 a6 4. e3 Bg4 5. Bxc4 e6 6. h3 Bh5 7. Nbd2 Nd7 8. Be2
Ngf6 9. b3 c5 10. Bb2 Rc8 11. O-O Be7 12. dxc5 Rxc5 13. Rc1 Rd5 14. Nd4 Bxe2 15.
Qxe2 Nc5 16. Nc4 O-O 17. Rfd1 Nce4 18. Nf3 Rxd1+ 1/2-1/2

[Event "49th Biel Master Open"]
[Site "Biel SUI"]
[Date "2016.07.29"]
[Round "5.11"]
[White "Balogh, Csaba"]
[Black "Gaehwiler, Gabriel"]
[Result "1/2-1/2"]
[WhiteTitle "GM"]
[BlackTitle "FM"]
[WhiteElo "2635"]
[BlackElo "2392"]
[WhiteFideId "718939"]
[BlackFideId "1314530"]
[EventDate "2016.07.25"]

1. e4 c5 2. Nc3 d6 3. d4 cxd4 4. Qxd4 Nc6 5. Bb5 Bd7 6. Bxc6 Bxc6 7. Nf3 Nf6 8.
Bg5 e6 9. Qd3 Be7 10. Nd4 O-O 11. O-O-O d5 12. e5 Nd7 13. Bxe7 Qxe7 14. f4 f6
15. Qh3 Rae8 16. exf6 Qxf6 17. g3 Nc5 18. Rhe1 e5 19. fxe5 Rxe5 20. Rf1 Qg5+ 21.
Kb1 Ree8 22. Rxf8+ Rxf8 23. Ne6 Nxe6 24. Qxe6+ Kh8 25. a3 Rd8 26. Rd4 h6 27. Qe2
Re8 28. Qd2 Qh5 29. Qf2 Qe5 30. Rd1 a6 31. Qd2 Qh5 32. Qf2 Qe5 33. Qc5 Qh5 34.
Rd2 Qf3 35. Qd4 Qf1+ 36. Rd1 Re1 37. Rxe1 Qxe1+ 38. Ka2 Qh1 39. Qf2 d4 40. Qf8+
Kh7 41. Qf5+ Kh8 42. Qf8+ Kh7 43. Qf5+ 1/2-1/2